Geography Quiz

Random Geography or World Quiz

6-Letter Countries on a Map Quiz Stats

Quiz Updated Jun 3, 2016

Challenge
Share
Tweet
Score 0/32 Timer 05:00
15 Plays Today
% Correct
Mexico
99.1%
Norway
96.8%
Russia
94.5%
Brazil
93.8%
Canada
93.2%
Greece
90%
France
89.8%
Turkey
86%
Panama
85.9%
Sweden
83.3%
Israel
78.5%
Belize
78.1%
Guyana
77.3%
Latvia
77.3%
Taiwan
76.8%
Poland
72.4%
% Correct
Monaco
71.7%
Angola
70.9%
Bhutan
70.2%
Kuwait
68.7%
Rwanda
68.4%
Zambia
67.2%
Cyprus
67.1%
Jordan
64.8%
Brunei
64.4%
Serbia
62.2%
Kosovo
59.6%
Guinea
58%
Uganda
57.2%
Malawi
54.3%
Tuvalu
53.6%
The Gambia
51%

You're not logged in!

Compare scores with friends on all Sporcle quizzes.
Sign Up with Email
OR
Log In

You Might Also Like...

Show Comments

Extras

Top Quizzes Today


Score Distribution

Your Account Isn't Verified!

In order to create a playlist on Sporcle, you need to verify the email address you used during registration. Go to your Sporcle Settings to finish the process.